000 00616nam a22001815i 4500
001 158249
003 ES-MaACL
005 20250812063127.0
008 040825s1869 sp |||| | spa d
040 _aCAM
_bspa
_cCAM
100 1 _aLuque y Vicens, Antonio
_9222926
245 1 0 _aPlebeyos ilustres
_b: reseña biográfica de los obreros del progreso humano /
_cpor Antonio Luque y Vicens.
260 _aMadrid :
_b[s.n.],
_c1869 (
_fImprenta de Juan Fernandez)
300 _a276 p. ;
_c13 cm.
650 4 _aBiografías.
_910574
852 _aES-MaACL
_jF-1191
_z-- Enc. hol.
999 _c158249
_d158249